| 000 | 00678nam a2200241Ia 4500 | ||
|---|---|---|---|
| 003 | OSt | ||
| 005 | 20221007074141.0 | ||
| 006 | a|||||r|||| 00| 0 | ||
| 007 | ta | ||
| 008 | 221006b |||||||| |||| 00| 0 eng d | ||
| 024 | _a5,647 | ||
| 037 | _cTextual | ||
| 040 |
_aFLL _cFLL _beng |
||
| 041 |
_2eng _aeng |
||
| 082 | _aZ,9598, L9 | ||
| 100 |
_aIyer T.K.K. Au. _9692597 |
||
| 245 | 0 | _aJudicial review reasonableness in constitutional law | |
| 260 |
_aMadras _bMadras law journal office India _c1979 |
||
| 300 |
_axii,294p _ccm. |
||
| 650 |
_aConstitutional law _9681314 |
||
| 942 |
_hZ,9598, L9 _cTEXL _2CC |
||
| 999 |
_c1151342 _d1151342 |
||